[Event "Montenegro Festival-01 IM 2021"]
[Site "Niksic"]
[Date "2021.03.04"]
[Round "9.5"]
[White "Pecurica, Milos"]
[Black "Klasan, Vladimir"]
[Result "1/2-1/2"]
[WhiteElo "2320"]
[BlackElo "2304"]
[Annotator "TA"]
[PlyCount "35"]
[EventDate "2021.02.26"]
[EventType "tourn"]
[EventCountry "MNE"]
[SourceTitle "playchess.com"]
[Source "ChessBase"]
[SourceQuality "1"]

{[%evp 17,20,-5,0,0,-3]} 1. e4 e5 2. Nf3 Nf6 3. Nc3 Nc6 4. d4 exd4 5. Nxd4 Bb4 6. Nxc6 bxc6 7. Bd3 d5 8. exd5 cxd5 9. O-O O-O 10. Qf3 {C47: Scotch Four Knights and Four Knights with 4 g3.} c6 {[#] An uneventful encounter. Not enough moves} {Predecessor:} 11. h3 $146 Re8 12. Bf4 Bd6 13. Rfe1 Be6 14. Ne2 Rb8 15. b3 Qc7 16. Rad1 a5 17. c4 a4 18. bxa4 {1-0 (41) Xiong,J (2709)-Tomashevsky,E (2706) Chess.com INT 2021} 1/2-1/2